000 00257nam a2200109Ia 4500
008 190216s9999||||xx |||||||||||||| ||und||
100 _aN D V Prasad Rao
245 2 _aA Practical English Course
260 _bNull
650 _aEnglish Language
942 _cBK
999 _c12190
_d12190